000 00260nam a2200109Ia 4500
008 220204s9999 xx 000 0 und d
082 _a347.715
_bBHA
100 _aB K
245 0 _aHandbook of industrial law
260 _aCalcutta
_bAcademic
_c1975
942 _cBK
999 _c32456
_d32456